000 00577cam a2200205 4500500
005 20260405002000.0
041 _afre
042 _adc
100 1 0 _aNathan, Tobie
_eauthor
245 0 0 _aEurope orientale. Vârcolac
260 _c2015.
500 _a3
690 _aFamille
690 _aMythe
690 _aTobie Nathan
690 _aVampire
690 _aVârcolac
786 0 _nPhilosophie magazine | 88 | 4 | 2015-04-01 | p. 55-55 | 1951-1787
856 4 1 _uhttps://shs.cairn.info/magazine-philosophie-magazine-2015-4-page-55?lang=fr&redirect-ssocas=7080
999 _c2052982
_d2052982